Pokémon Go: Strongest Pokémon by Region - Hoenn - Statistics

General Stats
  • This quiz has been taken 28 times
  • The average score is 26 of 30
Answer Stats
Category Value Pokémon Type % Correct
Max CP 3 835 Rayquaza Dragon / Flying
95%
Attack 284 Rayquaza Dragon / Flying
95%
Damage per second 18.68 Rayquaza Dragon / Flying
95%
Total damage output 546.8 Rayquaza Dragon / Flying
95%
Attack 277 Salamence Dragon / Flying
95%
Damage per second 18.271 Salamence Dragon / Flying
95%
Max CP 4 115 Groudon Ground
91%
Max CP 4 115 Kyogre Water
91%
Total damage output 590.3 Kyogre Water
91%
Max CP 3 812 Latios Dragon / Psychic
91%
Total damage output 551.5 Latios Dragon / Psychic
91%
Damage per second 17.983 Metagross Steel / Psychic
91%
Total damage output 621.7 Metagross Steel / Psychic
91%
Defense 309 Regice Ice
91%
Defense 309 Regirock Rock
91%
Defense 285 Registeel Steel
91%
Max CP 4 431 Slaking Normal
91%
Attack 290 Slaking Normal
91%
Max HP 233 Slaking Normal
91%
Defense 257 Aggron Steel / Rock
86%
Total damage output 604.2 Jirachi Psychic / Steel
86%
Attack 414 Deoxys (Attack) Psychic
82%
Damage per second 21.856 Deoxys (Attack) Psychic
82%
Defense 330 Deoxys (Defense) Psychic
82%
Attack 345 Deoxys (Normal) Psychic
82%
Damage per second 18.515 Deoxys (Normal) Psychic
82%
Max HP 247 Hariyama Fighting
82%
Max HP 283 Wailord Water
82%
Max HP 228 Wailmer Water
73%
Max HP 200 Walrein & Whiscash [several]
27%
No matching quizzes found
Score Distribution
Percent of People with Each Score
Percentile by Number Answered
Your Score History
You have not taken this quiz